[Event "New York Winter Invitational GM-B 2022"]
[Site "New York"]
[Date "2022.01.14"]
[Round "2.5"]
[White "Perez, Robert"]
[Black "Mandizha, Farai"]
[Result "0-1"]
[WhiteElo "2362"]
[BlackElo "2377"]
[Annotator "TA"]
[PlyCount "80"]
[EventDate "2022.01.11"]
[EventType "tourn"]
[EventCountry "USA"]
[SourceTitle "playchess.com"]
[Source "ChessBase"]
[SourceQuality "1"]

{[%evp 9,80,51,47,52,37,40,54,39,50,60,41,43,39,18,82,24,28,22,10,12,21,6,16,18,35,63,60,31,25,33,37,28,54,20,15,0,6,12,42,25,63,52,27,12,17,16,66,70,70,54,82,86,101,91,95,87,96,86,110,120,235,-210,-190,-333,-333,-5614,-5389,-29985,-29986,-29986,-29987,-29993,-29994]} 1. d4 Nf6 2. c4 g6 3. f3 c5 4. d5 e6 5. Nh3 exd5 6. cxd5 {E60: King's Indian: Unusual lines and Fianchetto Variation without Nc3.} d6 7. Nf2 Bg7 8. e4 {White is slightly better.} O-O 9. Nc3 a6 10. a4 {[#]} Nbd7 $146 ({Predecessor:} 10... Nfd7 11. Be2 f5 12. exf5 Rxf5 13. O-O Nf6 14. f4 Ne8 15. Nfe4 Rf8 16. Ng5 Nc7 {1-0 (54) Ponomariov,R (2714)-Nepomniachtchi,I (2714) Beijing 2014}) 11. Be2 Rb8 (11... Ne8 $1 $11) 12. O-O (12. Bg5 $16) 12... Ne8 $11 13. Bf4 Ne5 14. Qd2 f5 15. exf5 gxf5 16. Bg5 Bf6 17. Bxf6 Qxf6 18. f4 Ng6 19. g3 Bd7 20. Rab1 Rc8 21. Kg2 Qg7 22. Rfc1 Nf6 23. b4 Rfe8 24. Kf1 cxb4 25. Rxb4 Rc7 26. Rcb1 Bc8 27. Rc4 Rce7 (27... Rxc4 $11 28. Bxc4 Nd7) 28. Rb6 $14 Qf8 29. a5 Rg7 30. Bf3 h5 31. Ne2 $1 h4 32. Qb4 hxg3 33. hxg3 Rd8 34. Nd4 {[%cal Oc4c8]} Ne4 {[#]} (34... Ne7 $16) 35. Nxe4 $4 {[%mdl 8192]} (35. Bxe4 fxe4 36. Qe1 (36. Nxe4 $2 Nxf4 37. Qb3 Bh3+ 38. Kf2 Nd3+ 39. Ke3 Ne5 $19) 36... e3 37. Qxe3 Ne7 38. Rxc8 Rxc8 39. Rxd6 (39. Rxb7 Qf6 $16) 39... Qf7 $18) (35. Nxf5 $1 $18 {[%mdl 512] avoids the disaster. aiming for Nh6+.} Nxg3+ (35... Bxf5 36. Bxe4) 36. Nxg3) 35... fxe4 $19 36. Bxe4 (36. Rxc8 {only move.} Rxc8 37. Bxe4 Nxf4 38. Nf5 Rxg3 39. Qxd6 Rf3+ 40. Ke1 (40. Bxf3 $2 {loses.} Qxf5 41. Rb2 Rc1+ 42. Kf2 Nd3+ 43. Kg3 Nxb2 $19) 40... Qxd6 41. Nxd6 Re3+ 42. Kf2) 36... Nxf4 $1 37. gxf4 (37. Ke1 Rxg3 38. Kd1 (38. Rc3 $2 Ng2+ 39. Ke2 Bg4+ 40. Nf3 Nf4+ 41. Kd1 Re8 $19)) 37... Qxf4+ ({Worse is} 37... Bh3+ 38. Ke1 Rg1+ 39. Kf2 Rf1+ 40. Ke3 Qxf4+ 41. Kd3 Rd1+ 42. Kc2 Rc1+ 43. Kb3 Rxc4 44. Bh7+ $1 Kxh7 45. Rxb7+ Rd7 46. Rxd7+ Bxd7 47. Qxc4 $11) 38. Nf3 {[#]} Qe3 $1 {[%cal Rc8h3] Black mates.} 39. Rxc8 Rxc8 40. Rc6 Rf8 {Weighted Error Value: White=0.64/Black=0.14 (very precise)} 0-1

[Event "New York Winter Invitational GM-B 2022"]
[Site "New York"]
[Date "2022.01.15"]
[Round "3.2"]
[White "Tsay, Vincent"]
[Black "Perez, Robert"]
[Result "1/2-1/2"]
[WhiteElo "2295"]
[BlackElo "2362"]
[Annotator "TA"]
[PlyCount "111"]
[EventDate "2022.01.11"]
[EventType "tourn"]
[EventCountry "USA"]
[SourceTitle "playchess.com"]
[Source "ChessBase"]
[SourceQuality "1"]

{[%evp 20,111,33,29,29,28,22,20,16,11,5,-31,-22,-33,-26,-33,-6,-40,0,0,0,0,0,0,0,0,0,0,0,0,22,18,20,32,19,8,11,20,11,13,21,13,13,17,20,17,17,18,158,18,58,58,72,78,121,76,75,75,68,55,49,0,58,49,55,23,23,8,23,0,0,0,0,0,0,0,0,0,0,0,0,0,0,0,0,0,0,0,0,0,0,0,0,0]} 1. d4 Nf6 2. Nf3 g6 3. g3 Bg7 4. Bg2 O-O 5. O-O d5 6. c4 dxc4 7. Na3 c3 8. bxc3 c5 9. Ne5 Nfd7 10. Nac4 Nxe5 11. Nxe5 Bxe5 {D77: Fianchetto Grünfeld: 6 0-0: Replies other than 6...c6.} 12. dxe5 Qc7 13. Bf4 {[%cal Oe5e6]} Be6 $1 {[#]} 14. Qa4 $146 ({Predecessor:} 14. h4 Rd8 15. Qa4 Nd7 16. Rfd1 a6 17. Rab1 b5 18. Qa3 Ra7 19. Be3 Rc8 20. f4 {½-½ (54) Postl,A (2269)-Rohler,S (2169) Austria 2015}) 14... Nc6 15. Qb5 Na5 $1 16. Rfd1 Rad8 17. h4 h5 (17... Kg7 {is more complex.} 18. Qa4 b6 19. Bf3 h5 20. Be4 Nc4) 18. Qa4 {[%cal Oc3c4]} Rxd1+ 19. Rxd1 Rd8 {To avoid Bd5} 20. Rd3 {[%cal Og2d5]} b6 21. Qd1 Rxd3 22. exd3 Qd7 23. Qf3 Qd8 24. a3 Kh7 25. Bg5 {[%cal Og2h3]} Bf5 {Prevents Bh3.} 26. d4 cxd4 {[#] ...d3 is the strong threat.} 27. Bh3 $1 {A strong pair of Bishops.} Qd7 (27... Bxh3 $2 28. Qxf7+ Kh8 29. Bxe7 Qxe7 30. Qxe7 $18) 28. cxd4 {Strongly threatening d5.} f6 $1 29. exf6 exf6 (29... Bxh3 30. f7 Qc6 31. Qxc6 Nxc6 32. f8=Q Nxd4 33. Qf7+ Kh8 34. Bxe7) 30. Bxf5 Qxf5 31. Bf4 Kg7 $1 32. Qa8 Qd7 33. d5 {[%cal Oa3a4]} Nc4 (33... b5 $1 $11) 34. d6 ({Only move:} 34. Qc6 $16 Qxc6 35. dxc6) 34... g5 35. hxg5 fxg5 36. Bxg5 Qxd6 (36... Nxd6 $142 37. Bc1 Nf5) 37. Bf4 ({White should play} 37. Qxa7+ Kg6 {[#]} 38. Qa8 $1) 37... Qd7 38. Qe4 ({Much less strong is} 38. Qf3 Qe6 39. a4 (39. Qxh5 Qe1+ 40. Kg2 Qe4+ 41. f3 Qc2+ 42. Kh3 Qh7 $14) 39... Qe1+ 40. Kg2 Ne5) 38... b5 {[%cal Oh5h4]} 39. Qf3 {[%cal Oa3a4]} Kg6 40. Qe4+ Kg7 {[%cal Oh5h4]} 41. Kh2 a6 42. a4 Qf7 43. Qd4+ Kg6 44. axb5 axb5 {The position is equal.} 45. Qc5 Qf5 46. Qc6+ Kf7 47. Qc7+ Kg6 48. Qe7 Qd5 49. Qe8+ Kg7 50. Qe7+ Kg6 51. Qf8 Qf5 $1 52. Qh8 ({Resist} 52. Qg8+ $6 Kf6 $16) 52... Kf7 53. Qd4 Kg6 54. Bc7 Kf7 55. Kg1 Ke6 56. Bf4 {Weighted Error Value: White=0.11 (very precise) /Black=0.10 (very precise)} 1/2-1/2

[Event "New York Winter Invitational GM-B 2022"]
[Site "New York"]
[Date "2022.01.15"]
[Round "3.3"]
[White "Grinberg, Eyal"]
[Black "Rohde, Michael"]
[Result "1-0"]
[WhiteElo "2492"]
[BlackElo "2345"]
[Annotator "TA"]
[PlyCount "113"]
[EventDate "2022.01.11"]
[EventType "tourn"]
[EventCountry "USA"]
[SourceTitle "playchess.com"]
[Source "ChessBase"]
[SourceQuality "1"]

{[%evp 11,113,30,36,29,31,31,25,-9,-1,0,-1,-15,0,-1,31,23,20,2,62,2,69,82,77,57,68,36,41,27,36,40,62,60,66,53,66,66,66,66,79,66,67,66,77,54,54,54,60,0,54,16,60,37,60,36,60,49,63,43,48,0,66,61,63,61,61,61,72,57,53,39,58,53,54,65,134,134,147,56,107,8,277,248,560,551,1664,870,29951,29952,29950,29952,29943,29950,929,920,886,854,29976,29977,29977,29978,29978,29979,29979,29974]} 1. e4 e5 2. Nf3 Nc6 3. Bb5 Nf6 4. d3 d6 5. c3 Bd7 6. O-O g6 7. Re1 {C65: Ruy Lopez: Berlin Defence (3...Nf6), unusual lines and 4 0-0 Bc5.} Bg7 8. h3 O-O 9. d4 {[#] White has an edge. 9.a4 is setting a new trend.} (9. Be3 {looks sharper.} Re8 10. Nbd2 a6 11. Ba4 h6 12. Bb3) 9... Nxd4 $1 10. Nxd4 exd4 11. Bxd7 Qxd7 12. cxd4 d5 13. e5 Ne4 {[#]} 14. Nd2 $146 ({Predecessor:} 14. f3 Ng3 15. Kh2 Nf5 16. g4 Ne7 17. f4 Rfc8 18. Be3 c5 19. dxc5 g5 20. Bd4 {½-½ (50) Taddei,B (2367)-Valuet,B (2284) Juvisy sur Orge 2013}) 14... Rad8 ({Black should play} 14... c5 $11) 15. Nf1 (15. Nxe4 $14 dxe4 16. Bg5 (16. Rxe4 Rfe8 $14)) 15... f6 (15... Qe7 $1 $11) 16. f3 $1 $14 Ng5 17. Bxg5 fxg5 18. Qc2 c6 19. Rad1 Rf4 20. Ng3 {[%cal Bf1g3,Bg3e2,Be2c1,Bc1d3][%mdl 32]} Qe6 21. Ne2 Rf7 22. Qd2 h6 23. Nc1 Bf8 24. Nd3 {Inhibits c5.} Kh7 25. Rf1 Be7 26. Rf2 h5 27. g4 Kg7 28. Rdf1 Rh8 29. Rh2 (29. Kg2 $14) 29... Rff8 (29... a5 $11) 30. Qe2 Bd8 (30... a5 $11) 31. Qe3 Rh6 32. Kg2 Rhh8 33. Rhh1 Rf7 34. Kg3 Qe7 35. Kg2 Qe6 $1 36. a3 Rff8 37. Rf2 Be7 38. Rhf1 Rf7 39. Qe2 hxg4 40. hxg4 Rh4 41. Rh1 Rxh1 42. Kxh1 b6 {[#]} (42... Qc8 $14) 43. b4 $1 $16 Rf8 44. Kg1 (44. Qd1 $16) 44... a5 (44... c5 $14) 45. f4 ({White should try} 45. Kg2 $16) 45... axb4 $2 {[%mdl 8192] [#] Loses the game.} (45... Qc8 $11) 46. f5 $1 $18 {[%cal Bf4f5,Bf5f6][%mdl 32]} ({And not} 46. axb4 Qc8 $11) 46... Qd7 (46... gxf5 47. gxf5 Rxf5) 47. f6+ Kg8 48. axb4 {e6 would kill now.} Bd8 49. e6 Qd6 50. e7 Bxe7 51. Qxe7 Qxe7 52. fxe7 {KRN-KR} Re8 53. Re2 {[%cal Ob4b5] aiming for b5!} Kf7 54. Ne5+ {White mates.} Kxe7 55. Nxc6+ Kd7 56. Rxe8 Kxe8 57. Ne5 {Weighted Error Value: White=0.16 (very precise) /Black=0.56} 1-0

[Event "New York Winter Invitational GM-B 2022"]
[Site "New York"]
[Date "2022.01.15"]
[Round "3.4"]
[White "Tian, Eddy"]
[Black "Jacobson, Brandon"]
[Result "1/2-1/2"]
[WhiteElo "2411"]
[BlackElo "2530"]
[Annotator "TA"]
[PlyCount "41"]
[EventDate "2022.01.11"]
[EventType "tourn"]
[EventCountry "USA"]
[SourceTitle "playchess.com"]
[Source "ChessBase"]
[SourceQuality "1"]

{[%evp 15,41,22,21,24,28,44,34,0,37,43,45,42,38,12,63,61,72,0,74,84,104,0,24,0,119,0,20,0]} 1. d4 Nf6 2. c4 g6 3. g3 Bg7 4. Bg2 O-O 5. Nc3 d6 6. Nf3 c6 7. O-O Bf5 8. Ne1 $1 {[%mdl 4] 8.Ne1 is the modern continuation.} Be6 9. d5 {E62: King's Indian: Fianchetto: 6...c6 and Panno Variation (6...Nc6) without ...a6.} cxd5 10. cxd5 Bd7 11. Nc2 {White is slightly better.} Na6 12. Be3 Qa5 13. Bd4 Rfc8 14. e4 {[#]} Nc7 $146 (14... Ng4 $11) ({Predecessor:} 14... Ng4 15. Bxg7 Kxg7 16. Qd4+ f6 17. Rac1 b5 18. a3 Rc4 19. Qd2 Qb6 20. b3 Rc7 {1-0 (35) Kononenko,D (2608)-Klenburg,M (2368) Pardubice 2013}) 15. a4 $14 Na6 16. Re1 ({White should try} 16. h3 $16) 16... Nb4 (16... Ng4 $1 $11) 17. Ne3 $16 Na6 18. Nc2 (18. e5 $16 dxe5 19. Bxe5) 18... Nb4 $11 19. Ne3 (19. Na3 $11) 19... Na6 $1 $16 20. Nc2 (20. e5 $16 dxe5 21. Bxe5) 20... Nb4 $11 21. Ne3 {Weighted Error Value: White=0.45/Black=0.16 (very precise)} 1/2-1/2

[Event "New York Winter Invitational GM-B 2022"]
[Site "New York"]
[Date "2022.01.15"]
[Round "3.5"]
[White "Korley, Kassa"]
[Black "Martinez Alcantara, Jose Eduardo"]
[Result "1/2-1/2"]
[WhiteElo "2394"]
[BlackElo "2615"]
[Annotator "TA"]
[PlyCount "64"]
[EventDate "2022.01.11"]
[EventType "tourn"]
[EventCountry "USA"]
[SourceTitle "playchess.com"]
[Source "ChessBase"]
[SourceQuality "1"]

{[%evp 10,64,27,21,17,28,30,21,22,20,25,15,10,22,29,23,25,28,30,0,0,0,0,0,0,0,0,0,0,0,0,0,22,-11,-8,0,2,2,10,11,31,26,26,26,42,37,38,20,31,30,27,8,18,0,0,0,6]} 1. d4 Nf6 2. c4 e6 3. Nf3 Bb4+ 4. Bd2 Qe7 5. g3 Bxd2+ 6. Qxd2 Nc6 {E11: Bogo-Indian.} 7. Nc3 d5 8. Ne5 O-O 9. Bg2 dxc4 10. Nxc6 bxc6 11. O-O Rb8 12. Rfd1 {[%mdl 1024] White has compensation.} Rd8 13. Qc2 Ba6 {[#]} 14. Rd2 $146 ({Predecessor:} 14. Ne4 Nxe4 15. Bxe4 g6 16. Bxc6 Qb4 17. Rab1 Rd6 18. Bf3 Qa5 19. b3 Rb4 20. bxc4 Rxc4 {0-1 (59) Goganov,A (2575)-Vitiugov,N (2729) Nizhnij Novgorod 2013}) 14... c5 15. d5 exd5 16. Nxd5 Nxd5 17. Bxd5 c6 18. Bf3 Rxd2 19. Qxd2 Qd8 20. Qc2 Qa5 21. Bxc6 Qb6 {[%csl LRb2,LRc6]} 22. Be4 g6 23. b3 Qe6 24. Bf3 Rd8 25. Rc1 {[%cal Rb3c4]} cxb3 26. axb3 Rb8 27. Ra1 Qb6 28. Bd5 Bb7 29. Bc4 Rd8 {Inhibits Qd2.} 30. Rd1 Rd4 {The position is equal.} 31. Rxd4 cxd4 32. Qd2 {[#] Strongly threatening Qf4.} Ba6 {Weighted Error Value: White=0.06 (flawless) /Black=0.04 (flawless)} 1/2-1/2

[Event "New York Winter Invitational GM-B 2022"]
[Site "New York"]
[Date "2022.01.15"]
[Round "4.1"]
[White "Barbosa, Oliver"]
[Black "Martinez Alcantara, Jose Eduardo"]
[Result "1/2-1/2"]
[WhiteElo "2510"]
[BlackElo "2615"]
[Annotator "TA"]
[PlyCount "34"]
[EventDate "2022.01.11"]
[EventType "tourn"]
[EventCountry "USA"]
[SourceTitle "playchess.com"]
[Source "ChessBase"]
[SourceQuality "1"]

{[%evp 18,21,19,26,35,8]} 1. d4 d5 2. c4 dxc4 3. Nf3 Nf6 4. e3 e6 5. Bxc4 a6 6. O-O c5 7. dxc5 Qxd1 8. Rxd1 Bxc5 9. Nbd2 O-O 10. Be2 Nc6 {D27: Queen's Gambit Accepted: Classical main line: 7 e4!? and 7 a4.} 11. Nb3 {[#] Not much happened in this game.} {Predecessor:} Be7 $146 12. Bd2 b6 13. Rac1 Bb7 14. Bc3 Nd5 15. Be1 Rac8 16. a3 Rc7 17. e4 Nf6 {1-0 (93) Song,R (2329)-Li,Y (2246) Chess.com INT 2019} 1/2-1/2

[Event "New York Winter Invitational GM-B 2022"]
[Site "New York"]
[Date "2022.01.15"]
[Round "4.2"]
[White "Jacobson, Brandon"]
[Black "Korley, Kassa"]
[Result "1/2-1/2"]
[WhiteElo "2530"]
[BlackElo "2394"]
[Annotator "TA"]
[PlyCount "45"]
[EventDate "2022.01.11"]
[EventType "tourn"]
[EventCountry "USA"]
[SourceTitle "playchess.com"]
[Source "ChessBase"]
[SourceQuality "1"]

{[%evp 17,45,20,34,24,31,27,26,22,37,20,18,22,12,0,0,0,0,0,0,0,0,0,0,-29988,0,0,61,-4,-2,-8]} 1. Nf3 Nf6 2. c4 c5 3. Nc3 e6 4. g3 d5 5. cxd5 exd5 6. d4 Nc6 7. Bg2 cxd4 8. Nxd4 Bc5 9. Nxc6 bxc6 10. O-O {D33: Tarrasch Defence: 6 g3 sidelines.} O-O 11. Na4 Bb6 12. Qc2 {White has an edge.} Ba6 13. Nxb6 Qxb6 14. Bg5 Rae8 15. Bf3 Re6 16. Rac1 Rfe8 17. Rfe1 Ne4 18. Bxe4 Rxe4 19. Qxc6 Qxc6 {[#]} 20. Rc2 $146 {[%mdl 8192] [#]} ({Predecessor:} 20. Rxc6 Bxe2 21. Rec1 h6 22. Bd2 Kh7 23. Rc7 Bh5 24. Rxa7 d4 25. Rd7 Bg4 26. Rxf7 {0-1 (33) Yilmaz,M (2630)-Khusnutdinov,R (2484) Chess.com INT 2021}) 20... Qc5 $2 21. Rxc5 $11 Bxe2 (21... Rxe2 $11 22. Rxe2 Rxe2) 22. Rc6 (22. Rxd5 $14 Bf3 23. Rxe4 Bxe4 24. Rd4) 22... d4 23. Rd6 {Weighted Error Value: White=0.56/Black=0.57} 1/2-1/2

[Event "New York Winter Invitational GM-B 2022"]
[Site "New York"]
[Date "2022.01.15"]
[Round "4.3"]
[White "Rohde, Michael"]
[Black "Tian, Eddy"]
[Result "0-1"]
[WhiteElo "2345"]
[BlackElo "2411"]
[Annotator "TA"]
[PlyCount "75"]
[EventDate "2022.01.11"]
[EventType "tourn"]
[EventCountry "USA"]
[SourceTitle "playchess.com"]
[Source "ChessBase"]
[SourceQuality "1"]

{[%evp 15,75,-9,-19,-28,21,14,20,26,27,26,22,20,34,19,33,34,75,0,12,4,17,8,6,0,12,0,31,6,6,7,8,0,0,0,11,14,27,22,34,29,32,19,69,30,62,-601,-591,-584,-589,-571,-481,-484,-476,-479,-444,-661,-575,-885,-520,-29991,-2254,-5385]} 1. Nf3 d5 2. d4 e6 3. c4 Nf6 4. Nc3 Bb4 5. e3 O-O 6. Bd3 b6 7. O-O Bb7 8. Bd2 Bd6 9. Qc2 {E52: Nimzo-Indian: Rubinstein: 4...0-0 5 Nf3 d5 6 Bd3 b6.} Nc6 (9... dxc4 $142 10. Bxc4 c5) 10. a3 $11 dxc4 11. Bxc4 {[#] The position is equal.} e5 $146 ({Predecessor:} 11... a5 12. Rad1 Ra7 13. e4 Be7 14. Bg5 Nd7 15. Bf4 Bd6 16. Bxd6 cxd6 17. Nb5 Ra8 18. Nxd6 {1-0 (26) Kuiper,A-Den Hartog,M Rijswijk 2012}) 12. d5 Ne7 {[%cal Re7d5]} 13. e4 c6 14. dxc6 Nxc6 15. Bg5 Nd4 (15... Rc8 $14) 16. Nxd4 (16. Qd3 $1 $16) 16... exd4 17. Bxf6 Qxf6 18. Nd5 Qh6 {[%csl Gd6][%cal Rh6h2]} 19. g3 Kh8 $1 20. Rfe1 b5 21. Ba2 (21. Bxb5 f5 22. Rad1 fxe4 23. Rxd4 Rac8 $11) 21... f5 $1 {Strongly threatening ...Rac8.} 22. e5 d3 $1 23. Qxd3 Bc5 {[%cal Oc5f2]} 24. Qf3 f4 25. g4 Rae8 26. Rad1 {Inhibits Bd4.} Qh4 {[%cal Oh7h5]} 27. b4 Bb6 {[%cal Oh7h5] This bishop pair is nice.} 28. e6 {[%cal Be5e6,Be6e7][%mdl 32]} Rf6 29. e7 ({Not} 29. Bb3 Rh6 30. Kf1 Qxh2 $17) (29. Re4 $5 {[%cal Rd5f6]} Bxf2+ 30. Kf1 Bxd5 31. Rxd5 Qxh2 32. Qg2 $14) 29... Rg6 {[%cal Ob6f2] aiming for ...Bxf2+!} 30. h3 $2 {[%mdl 8192] [#] This move loses the game for White.} (30. Kf1 $14 Rxg4 31. h3) 30... Bxf2+ $1 $19 {[%mdl 512]} 31. Kf1 Bxe1 32. Rxe1 Bxd5 33. Bxd5 {Threatens to win with Bf7.} Rxe7 {[%cal Be8e7,Be7d7,Bd7d8][%mdl 32]} 34. Rc1 {Rc8+ would kill now.} Rd7 35. Rc5 (35. Re1 $142 Rd8 36. Re4) 35... Rd8 {White must now prevent ...Rgd6.} 36. Kg2 Qe1 37. Rxb5 {[#]} (37. Qf2 $19 Qe7 38. Kh2) 37... Rgd6 (37... Re6 $142 $1 {[%mdl 512]} 38. h4 (38. Rb8 Re2+) 38... Re2+ 39. Kh3 Re3 40. Qxe3 Qxe3+ 41. Kh2 Qe2+ 42. Bg2 f3 43. Kg3 fxg2 44. Kh3 g1=Q 45. h5 Qgxg4#) 38. Qxf4 {Weighted Error Value: White=0.57/Black=0.36} 0-1

[Event "New York Winter Invitational GM-B 2022"]
[Site "New York"]
[Date "2022.01.15"]
[Round "4.4"]
[White "Perez, Robert"]
[Black "Grinberg, Eyal"]
[Result "0-1"]
[WhiteElo "2362"]
[BlackElo "2492"]
[Annotator "TA"]
[PlyCount "70"]
[EventDate "2022.01.11"]
[EventType "tourn"]
[EventCountry "USA"]
[SourceTitle "playchess.com"]
[Source "ChessBase"]
[SourceQuality "1"]

{[%evp 9,70,16,32,21,22,18,25,26,20,18,35,26,35,18,28,28,35,13,29,27,48,0,0,-29,-11,-12,0,0,-4,-29,-11,-69,-52,-109,-95,-128,-138,-129,-120,-110,-115,-254,-235,-468,-443,-527,-530,-526,-495,-963,-918,-1252,-1225,-29983,-29982,-5389,-1385,-6606,-3196,-29988,-29989,-29989,-29990]} 1. d4 d5 2. c4 c6 3. Nf3 Nf6 4. e3 e6 5. b3 c5 6. Bb2 {D30: Queen's Gambit Declined: Systems without Nc3.} cxd4 7. exd4 {The old main line.} dxc4 8. bxc4 {[#] White has an edge.} Be7 $146 ({Predecessor:} 8... Qa5+ 9. Nbd2 Ba3 10. Qc1 Bxb2 11. Qxb2 Nc6 12. Be2 Qb4 13. O-O-O b6 14. Qxb4 Nxb4 {½-½ (57) Short,N (2698)-Duda,J (2706) Heraklion 2017}) 9. Bd3 O-O 10. O-O b6 11. Nc3 Bb7 12. Qe2 Nbd7 {[%cal Bb8d7,Bd7f8,Bf8g6][%mdl 32]} 13. Rfd1 Rc8 14. Rac1 Re8 15. Ng5 (15. Bc2 $14 {might be stronger.}) 15... Nf8 $11 {[%cal Of6d5]} 16. Nce4 Nxe4 17. Nxe4 Ng6 {White should prevent ...f5.} 18. g3 f5 19. Nd2 (19. Nc3 $5 {[%cal Re2e6]}) 19... Bf6 20. Nb3 (20. Bc2 $11) 20... Qd7 $15 21. f3 (21. Qf1 $15) 21... a5 $1 $17 {[%cal Ba7a5,Ba5a4,Ba4a3][%mdl 32]} 22. Qf2 {[%cal Od4d5] [#]} a4 $1 23. Na1 a3 24. Bc3 b5 $36 {[%cal Ob5b4,Bb6b5,Bb5c4,Bc4d3][%mdl 2080] Black has strong initiative. Black is more active.} 25. d5 {White does not recover from this.} ({Wrong is} 25. cxb5 $2 {[#]} Rxc3 $1 {[%mdl 512]} 26. Nc2 (26. Rxc3 $2 {loses.} Bxd4 27. Nb3 Bxf2+ $19) 26... Rec8 $19) (25. Nc2 $17) 25... bxc4 $19 26. Bxf6 $2 (26. dxe6 {was called for.} Qxe6 27. Bf1) 26... cxd3 ({Don't blunder} 26... gxf6 $2 27. Rxc4 Ne5 28. Rd4 $17) 27. Rxc8 Rxc8 28. dxe6 Qa4 29. Rb1 (29. Rxd3 $142 gxf6 30. Qb6 Rc1+ 31. Kg2 Bxf3+ 32. Rxf3 Rxa1 33. Qd8+ Kg7 34. Qd7+ Qxd7 35. exd7 Rxa2+ 36. Rf2 Rxf2+ 37. Kxf2) 29... gxf6 30. Rxb7 Qd1+ 31. Kg2 Qxa1 32. e7 Qe5 {( -> ...Rc2)} 33. Qa7 Re8 {...d2 is the strong threat.} 34. Qxa3 Qe2+ 35. Kg1 Ne5 {Weighted Error Value: White=1.22/Black=0.28 (precise)} 0-1

[Event "New York Winter Invitational GM-B 2022"]
[Site "New York"]
[Date "2022.01.15"]
[Round "4.5"]
[White "Mandizha, Farai"]
[Black "Tsay, Vincent"]
[Result "0-1"]
[WhiteElo "2377"]
[BlackElo "2295"]
[Annotator "ChessBase"]
[PlyCount "116"]
[EventDate "2022.01.11"]
[EventType "tourn"]
[EventCountry "USA"]
[SourceTitle "playchess.com"]
[Source "ChessBase"]
[SourceQuality "1"]
[TimeControl "5400+30"]

1. e4 {[%emt 0:00:04]} e6 {[%emt 0:09:45]} 2. d4 {[%emt 0:00:05]} d5 {[%emt 0:00:06]} 3. Nc3 {[%emt 0:00:03]} Nf6 {[%emt 0:01:32]} 4. Bg5 {[%emt 0:00:47]} dxe4 {[%emt 0:00:23]} 5. Nxe4 {[%emt 0:00:23]} Nbd7 {[%emt 0:00:07]} 6. Nf3 {[%emt 0:01:17]} h6 {[%emt 0:00:08]} 7. Bh4 {[%emt 0:02:52]} c5 {[%emt 0:04:26]} 8. dxc5 {[%emt 0:10:37]} Qa5+ {[%emt 0:01:28]} 9. Qd2 {[%emt 0:00:07]} Qxd2+ {[%emt 0:00:10]} 10. Nfxd2 {[%emt 0:00:09]} Nxe4 {[%emt 0:01:04]} 11. Nxe4 {[%emt 0:00:04]} f5 {[%emt 0:01:50]} 12. Be2 {[%emt 0:10:19]} Kf7 {[%emt 0:01:13]} 13. Nd6+ {[%emt 0:18:24]} Bxd6 {[%emt 0:00:14]} 14. cxd6 {[%emt 0:00:04]} g5 {[%emt 0:00:08]} 15. Bg3 {[%emt 0:01:03]} f4 {[%emt 0:00:12]} 16. O-O-O {[%emt 0:00:32]} fxg3 {[%emt 0:00:59]} 17. hxg3 {[%emt 0:02:08]} Nf6 {[%emt 0:01:31]} 18. f4 {[%emt 0:02:36]} Bd7 {[%emt 0:01:52]} 19. Rhe1 {[%emt 0:03:38]} Rac8 {[%emt 0:03:00]} 20. Rd4 {[%emt 0:00:31]} b5 {[%emt 0:04:23]} 21. Bd3 {[%emt 0:02:29]} Rc5 {[%emt 0:01:50]} 22. f5 {[%emt 0:06:16]} Re8 {[%emt 0:02:10]} 23. fxe6+ {[%emt 0:00:44]} Rxe6 {[%emt 0:02:00]} 24. Rf1 {[%emt 0:01:28]} Kg7 {[%emt 0:06:44]} 25. a4 {[%emt 0:12:34]} a6 {[%emt 0:02:03]} 26. axb5 {[%emt 0:01:21]} axb5 {[%emt 0:00:06]} 27. Rd1 {[%emt 0:01:46]} Ree5 {[%emt 0:01:33]} 28. c4 {[%emt 0:04:56]} bxc4 {[%emt 0:03:22]} 29. Bxc4 {[%emt 0:00:01]} Re2 {[%emt 0:12:00]} 30. b3 {[%emt 0:00:43]} Bf5 {[%emt 0:14:24]} 31. R1d2 {[%emt 0:01:21]} Rxd2 {[%emt 0:03:51]} 32. Kxd2 {[%emt 0:01:26]} Kf8 {[%emt 0:01:13]} 33. Kc3 {[%emt 0:02:19]} Ke8 {[%emt 0:00:44]} 34. Kb4 {[%emt 0:00:33]} Re5 {[%emt 0:01:27]} 35. Rd1 {[%emt 0:00:50]} Be4 {[%emt 0:01:52]} 36. Bb5+ {[%emt 0:03:35]} Kd8 {[%emt 0:00:07]} 37. Re1 {[%emt 0:03:06]} Rd5 {[%emt 0:04:11]} 38. d7 {[%emt 0:00:28]} Re5 {[%emt 0:00:53]} 39. g4 {[%emt 0:07:38]} Nxd7 {[%emt 0:01:11]} 40. Rh1 {[%emt 0:00:01]} Re6 {[%emt 0:01:20]} 41. Rd1 {[%emt 0:00:11]} Bc6 {[%emt 0:00:49]} 42. Bc4 {[%emt 0:00:02]} Rf6 {[%emt 0:01:19]} 43. Rd2 {[%emt 0:00:53]} Kc7 {[%emt 0:01:11]} 44. Re2 {[%emt 0:00:11]} Rf4 {[%emt 0:03:24]} 45. Re6 {[%emt 0:00:01]} Bxg2 {[%emt 0:00:47]} 46. Rxh6 {[%emt 0:00:11]} Rxg4 {[%emt 0:00:52]} 47. Kc3 {[%emt 0:00:04]} Rf4 {[%emt 0:01:10]} 48. Kd2 {[%emt 0:02:34]} Bc6 {[%emt 0:01:13]} 49. Ke3 {[%emt 0:00:38]} Ne5 {[%emt 0:00:28]} 50. Rh7+ {[%emt 0:00:06]} Kb6 {[%emt 0:00:16]} 51. Be2 {[%emt 0:00:35]} Ng4+ {[%emt 0:02:05]} 52. Kd2 {[%emt 0:00:04]} Rd4+ {[%emt 0:01:05]} 53. Kc3 {[%emt 0:00:45]} Re4 {[%emt 0:00:37]} 54. Bd3 {[%emt 0:00:16]} Re3 {[%emt 0:00:42]} 55. Kd2 {[%emt 0:00:08]} Rxd3+ {[%emt 0:00:31]} 56. Kxd3 {[%emt 0:00:12]} Be4+ {[%emt 0:00:02]} 57. Kxe4 {[%emt 0:00:13]} Nf6+ {[%emt 0:00:04]} 58. Kf5 {[%emt 0:00:12]} Nxh7 {[%emt 0:05:23]} 0-1